La empresa maquinaria como estrategia de crecimiento : un estudio de caso /
Guardado en:
| Autor Principal: | |
|---|---|
| Autor Corporativo: | |
| Otros Autores: | |
| Formato: | Libro |
| Idioma: | Spanish |
| Publicado: |
Bahía Blanca,
2015.
|
| Acceso en línea: | Texto completo |
| Etiquetas: |
Agregar Etiqueta
Sin Etiquetas, Sea el primero en etiquetar este registro!
|
| LEADER | 00873nam a22001815a 4500 | ||
|---|---|---|---|
| 001 | EEA.libagro010482 | ||
| 005 | 20181011113030.0 | ||
| 008 | 150824s2015####ag#a##########000#0#spa#d | ||
| 082 | 0 | 4 | |a 631.3 |
| 100 | 1 | |a Pérez, Marcos. | |
| 245 | 1 | 0 | |a La empresa maquinaria como estrategia de crecimiento : |b un estudio de caso / |c Marcos Pérez. |
| 260 | |a Bahía Blanca, |c 2015. | ||
| 300 | |a 32 h. : |b il. ; |c 30 cm. | ||
| 500 | |a Trabajo de intensificación (Ingeniero Agrónomo) -- Universidad Nacional del Sur. Departamento de Agronomía, 2015. | ||
| 700 | 1 | |a Chimeno, Patricia del Valle, |e tutor. | |
| 710 | 2 | |a Universidad Nacional del Sur. |b Departamento de Agronomía. | |
| 856 | |u http://inta.gob.ar/sites/default/files/inta%5F-%5Fppt%5Fempresa%5Fmaquinaria%5Fcomo%5Festrategia%5Fde%5Fcrecimiento%5Fmarcos%5Fperez.pdf |3 Texto completo | ||
| 859 | |a AR-BbBCA |b BIB. AGRONOMIA |h 631.3 |i P438 |p 2015/6569 | ||
